Math Motivators, Grade 1-3 / (Record no. 102964)
[ view plain ]
| 000 -LEADER | |
|---|---|
| fixed length control field | 00572nam a2200181 a 4500 |
| 005 - DATE AND TIME OF LATEST TRANSACTION | |
| control field | 20140412111247.0 |
| 008 - FIXED-LENGTH DATA ELEMENTS--GENERAL INFORMATION | |
| fixed length control field | 060117s19uu xx 00 eng d |
| 020 ## - INTERNATIONAL STANDARD BOOK NUMBER | |
| International Standard Book Number | 0-673-18264-9 |
| 050 ## - LIBRARY OF CONGRESS CALL NUMBER | |
| Classification number | TR(GS 793.7 |
| Item number | B23 1986 |
| 100 ## - MAIN ENTRY--PERSONAL NAME | |
| Personal name | Bartch, Marian |
| 245 ## - TITLE STATEMENT | |
| Title | Math Motivators, Grade 1-3 / |
| Statement of responsibility, etc | Marian Bartch ; Jerry J. Mallett. |
| 260 ## - PUBLICATION, DISTRIBUTION, ETC. (IMPRINT) | |
| Place of publication, distribution, etc | London : |
| Name of publisher, distributor, etc | Scott foresman, |
| Date of publication, distribution, etc | 1986. |
| 300 ## - PHYSICAL DESCRIPTION | |
| Extent | 56 p. ; ill. |
| 440 ## - SERIES STATEMENT/ADDED ENTRY--TITLE | |
| Title | A Good Year Book |
| 520 ## - SUMMARY, ETC. | |
| Summary, etc | Puzzles, games, bulletin boards, and special motivators |
| 650 ## - SUBJECT ADDED ENTRY--TOPICAL TERM | |
| Topical term or geographic name as entry element | Mathematics |
| General subdivision | Juvenile literature |
| Withdrawn status | Lost status | Damaged status | Home library | Current library | Shelving location | Date acquired | Source of acquisition | Total Checkouts | Full call number | Barcode | Date last seen | Price effective from | Koha item type |
|---|---|---|---|---|---|---|---|---|---|---|---|---|---|
| Elizalde Library | Elizalde Library | Teachers Reference Section | 01/17/2006 | TR(GS 793.7 B23 1986 | E3427 | 04/12/2014 | 04/12/2014 | Books |